Structural design via optimality criteria : the Prager approach to structural optimization
The aim of the book is to give an introduction, at a relatively simple level of discourse, to Prager's ideas on <static-kinematic optimality criteria> and their applications.
Đã lưu trong:
| Tác giả chính: | |
|---|---|
| Định dạng: | Sách |
| Ngôn ngữ: | Undetermined |
| Được phát hành: |
The Netherlands
Kluwer Academic
1989
|
| Những chủ đề: | |
| Các nhãn: |
Thêm thẻ
Không có thẻ, Là người đầu tiên thẻ bản ghi này!
|
| Thư viện lưu trữ: | Trung tâm Học liệu Trường Đại học Cần Thơ |
|---|
| LEADER | 00843nam a2200229Ia 4500 | ||
|---|---|---|---|
| 001 | CTU_15309 | ||
| 008 | 210402s9999 xx 000 0 und d | ||
| 020 | |b MHO5 | ||
| 082 | |a 624.1771 | ||
| 082 | |b R893 | ||
| 100 | |a Rozvany, George I N. | ||
| 245 | 0 | |a Structural design via optimality criteria : | |
| 245 | 4 | |b the Prager approach to structural optimization | |
| 245 | 0 | |c George I N. Rozvany | |
| 260 | |a The Netherlands | ||
| 260 | |b Kluwer Academic | ||
| 260 | |c 1989 | ||
| 520 | |a The aim of the book is to give an introduction, at a relatively simple level of discourse, to Prager's ideas on <static-kinematic optimality criteria> and their applications. | ||
| 650 | |a Structural design | ||
| 650 | |x Mathematical models | ||
| 904 | |i Nguyễn Quang Điền, Năm | ||
| 980 | |a Trung tâm Học liệu Trường Đại học Cần Thơ | ||